Bodies of the Organisation for Economic Co-operation and Development

Na minha lista:
Detalhes bibliográficos
Formato: Livro
Idioma:inglês
Publicado em: Paris OECD 1996
Assuntos:
Tags: Adicionar Tag
Sem tags, seja o primeiro a adicionar uma tag!

MARC

LEADER 00000nam a2200000 4500
001 c122425
005 20221221084139.8
041 0 |a eng 
044 |a FR 
245 1 0 |a Bodies of the Organisation for Economic Co-operation and Development 
264 1 |a Paris  |b OECD  |c 1996 
300 |a 461 s. 
610 2 0 |a štruktúra organizačná 
610 2 0 |a spolupráca hospodárska medzinárodná 
610 2 0 |a politika hospodárska medzinárodná 
610 2 0 |a skupiny pracovné 
610 2 0 |a organizácie medzinárodné 
610 2 0 |a OECD